000 00623cam a2200193 a 4500
001 000018641
005 20200929165832.0
008 881003s1925 fr 000 pdspa d
040 _aDO-SdBNP
_cICarbS
_dCU
_dCStRLIN
_dBNPHU
082 _aN861.42
_bD218p
100 1 _aDarío, Rubén,
_d1867-1916.
_915535
245 1 0 _aProsas profanas y otros poemas /
_cRubén Darío.
260 _aParis ;
_aMéxico :
_bVda de Ch. Bouret,
_c1925.
300 _a160 p. ;
_c18 cm.
650 4 _aPoesía nicaraguense
_98179
650 4 _aLiteratura nicsaraguense
_ySIGLO XX
_940276
910 _aCatalogación derivada /Oxford
049 _aBNGR
999 _c18161
_d18161